The application of data envelopment analysis for performance measurement of the UK national health service estate portfolio (Record no. 78768)

MARC details
000 -LEADER
fixed length control field 01235cam a22002175a 4500
001 - CONTROL NUMBER
control field L138013
008 - FIXED-LENGTH DATA ELEMENTS--GENERAL INFORMATION
fixed length control field 070511e2007 xxk f 100 0 eng d
035 ## - SYSTEM CONTROL NUMBER
System control number (Sirsi) u138013
041 0# - LANGUAGE CODE
Language code of text/sound track or separate title eng
100 1# - MAIN ENTRY--PERSONAL NAME
Personal name Kirkham, Richard J.
245 04 - TITLE STATEMENT
Title The application of data envelopment analysis for performance measurement of the UK national health service estate portfolio
Medium [electronic resource]
260 ## - PUBLICATION, DISTRIBUTION, ETC.
Date of publication, distribution, etc. 2005
490 #0 - SERIES STATEMENT
Series statement COBRA
Volume/sequential designation 2005
520 ## - SUMMARY, ETC.
Summary, etc. Discusses how NHS trusts are required to provide information on estate operational costs. Proposes an alternative approach to measuring the performance of the estate through the use of Data Envelopment Analysis techniques which could provide information on the technical efficiency of building assets and allow NHS Trusts to identify where efficiency improvements are necessary.
651 #4 - SUBJECT ADDED ENTRY--GEOGRAPHIC NAME
Geographic name United Kingdom
Chronological subdivision
690 ## - LOCAL SUBJECT ADDED ENTRY--TOPICAL TERM (OCLC, RLIN)
Topical term or geographic name as entry element PROPERTY-COMMERCIAL PROPERTY-COMMERCIAL PROPERTY MANAGEMENT
700 1# - ADDED ENTRY--PERSONAL NAME
Personal name Boussabaine, A. Halim
711 2# - ADDED ENTRY--MEETING NAME
Meeting name or jurisdiction name as entry element Construction and Building Research Conference
Location of meeting University of Queensland, Brisbane
Date of meeting or treaty signing 4-5 July 2005
856 40 - ELECTRONIC LOCATION AND ACCESS
Uniform Resource Identifier <a href="https://www.rics.org/site/scripts/download_info.aspx?downloadID=1731">https://www.rics.org/site/scripts/download_info.aspx?downloadID=1731</a>
Public note View the item free of charge at www.rics.org...
942 ## - ADDED ENTRY ELEMENTS (KOHA)
Suppress in OPAC 0
Holdings
Withdrawn status Lost status Source of classification or shelving scheme Damaged status Not for loan Home library Current library Shelving location Date acquired Total Checkouts Full call number Barcode Date last seen Copy number Price effective from Koha item type
    Dewey Decimal Classification     Virtual Virtual Online 11/05/2007   ONLINE PUBLICATION 138013-2001 06/08/2019 1 06/08/2019 Book